ბათუმის შოთა რუსთაველის სახელმწიფო უნივერსიტეტის ბიბლიოთეკა

თეთრი დედოფლის სვლა (ბიბ.ჩანაწერი № 50073)

000 -LEADER
fixed length control field 00760nam a2200229Ia 4500
001 - CONTROL NUMBER
control field 17011
003 - CONTROL NUMBER IDENTIFIER
control field GE_BSU
008 - FIXED-LENGTH DATA ELEMENTS--GENERAL INFORMATION
fixed length control field 181216s||||||||xx |||||||||||||| ||und||
040 ## - CATALOGING SOURCE
Transcribing agency GE_BSU
080 ## - UNIVERSAL DECIMAL CLASSIFICATION NUMBER
Universal Decimal Classification number 82-93:821.161.1-31
100 ## - MAIN ENTRY--PERSONAL NAME
Personal name კასილი, ლ.
245 ## - TITLE STATEMENT
Title თეთრი დედოფლის სვლა
245 ## - TITLE STATEMENT
Remainder of title რომანი პროლოგით და ეპილოგით
245 ## - TITLE STATEMENT
Statement of responsibility, etc. რედ.ნ.აგიაშვილი
260 ## - PUBLICATION, DISTRIBUTION, ETC.
Place of publication, distribution, etc. თბილისი
260 ## - PUBLICATION, DISTRIBUTION, ETC.
Name of publisher, distributor, etc. ნაკადული
260 ## - PUBLICATION, DISTRIBUTION, ETC.
Date of publication, distribution, etc. 1960
300 ## - PHYSICAL DESCRIPTION
Extent 222გვ. : ილ: 1ფ. პორტრ. ; 23სმ.
653 ## - INDEX TERM--UNCONTROLLED
Uncontrolled term თეთრი დედოფლის სვლა
653 ## - INDEX TERM--UNCONTROLLED
Uncontrolled term რომანი
942 ## - ADDED ENTRY ELEMENTS (KOHA)
Koha item type წიგნი
ეგზემპლარები
Withdrawn status Lost status Damaged status Not for loan Date acquired Barcode Date last seen Price effective from Koha item type
        2018-12-17 21367 2018-12-17 2018-12-17 წიგნი
        2018-12-17 21368 2018-12-17 2018-12-17 წიგნი
        2018-12-17 21833 2018-12-17 2018-12-17 წიგნი